[Event "Sant Adria de Besos op 17th"]
[Site "Sant Adria de Besos"]
[Date "2023.05.07"]
[Round "3"]
[White "Gonzalez Cobos, Arnau"]
[Black "Mas Recorda, Pere"]
[Result "0-1"]
[WhiteElo "2217"]
[BlackElo "2014"]
[PlyCount "81"]
[EventDate "2023.04.02"]
[EventType "swiss"]
[EventRounds "9"]
[EventCountry "ESP"]
[SourceTitle "EXT 2024"]
[Source "ChessBase"]
[SourceDate "2023.10.10"]
[SourceVersion "1"]
[SourceVersionDate "2023.10.10"]
[SourceQuality "1"]

1. d4 e6 2. c4 f5 3. Nc3 Nf6 4. e3 Bb4 5. Bd2 0-0 6. Bd3 d5 7. Nh3 c6 8. 0-0 Bxc3 9. Bxc3 Ne4 10. Be1 Nd6 11. c5 Nf7 12. Qc2 Nd7 13. b4 a6 14. a4 Nh6 15. Bc3 Qe7 16. f3 e5 17. e4 exd4 18. Bxd4 dxe4 19. fxe4 Ne5 20. Rae1 Nxd3 21. Qxd3 fxe4 22. Rxf8+ Qxf8 23. Qxe4 Bf5 24. Qe7 Bxh3 25. gxh3 Qf7 26. Qe5 Rf8 27. Qe2 Nf5 28. Bf2 Rd8 29. Qe6 Qxe6 30. Rxe6 Kf7 31. Re2 Rd3 32. Rb2 Ra3 33. a5 Rxh3 34. Kg2 Rd3 35. Re2 Rb3 36. Re4 Kf6 37. Kf1 g5 38. Kg2 h5 39. Kf1 g4 40. Kg2 h4 41. Be1 0-1

[Event "Catalunya-chT Gp2"]
[Site "Barcelona"]
[Date "2023.02.04"]
[Round "3.10"]
[White "Pinyol I Llora, Julia"]
[Black "Gonzalez Cobos, Arnau"]
[Result "1/2-1/2"]
[WhiteElo "1795"]
[BlackElo "1954"]
[PlyCount "83"]
[EventDate "2023.01.21"]
[EventType "team-tourn"]
[EventRounds "7"]
[EventCountry "ESP"]
[SourceTitle "CBM 213 Extra"]
[Source "ChessBase"]
[SourceDate "2023.05.31"]
[SourceVersion "1"]
[SourceVersionDate "2023.05.31"]
[SourceQuality "1"]
[WhiteTeam "Cerdanyola Valles"]
[BlackTeam "Colon Sabadell"]
[WhiteTeamCountry "ESP"]
[BlackTeamCountry "ESP"]

1. d4 d5 2. c4 e6 3. Nf3 Nf6 4. g3 Be7 5. Bg2 0-0 6. 0-0 dxc4 7. Qc2 a6 8. a4 Bd7 9. Qxc4 Bc6 10. Bf4 Bd6 11. Qc1 a5 12. Nc3 Na6 13. Ne5 Bxg2 14. Kxg2 c6 15. Rd1 Nb4 16. e4 Qc7 17. Nd3 Bxf4 18. Nxf4 e5 19. Nfe2 exd4 20. Nxd4 Qe5 21. f3 Rfd8 22. Nf5 h6 23. Qb1 Qc7 24. Nd4 Rd7 25. Nf5 Rad8 26. Rxd7 Qxd7 27. Qd1 Qd2+ 28. Kg1 Rd3 29. Qxd2 Rxd2 30. Rb1 Kh7 31. Ne3 Rd3 32. Kf2 Rd2+ 33. Kg1 Rd4 34. Rd1 Rxd1+ 35. Nexd1 Nd7 36. Ne3 Nd3 37. Nc4 b6 38. Kf1 N3e5 39. Nxe5 Nxe5 40. Ke2 g5 41. f4 Nd7 42. Ke3 1/2-1/2

[Event "ESP-ch U18"]
[Site "Salobrena"]
[Date "2022.08.05"]
[Round "7"]
[White "Cuellar Montes, Alejandro"]
[Black "Gonzalez Cobos, Arnau"]
[Result "1/2-1/2"]
[WhiteElo "2125"]
[BlackElo "1941"]
[PlyCount "112"]
[EventDate "2022.08.01"]
[EventType "swiss"]
[EventRounds "9"]
[EventCountry "ESP"]
[SourceTitle "EXT 2023"]
[Source "ChessBase"]
[SourceDate "2022.10.05"]
[SourceVersion "1"]
[SourceVersionDate "2022.10.05"]
[SourceQuality "1"]

1. e4 c5 2. Nf3 e6 3. d4 cxd4 4. Nxd4 Nf6 5. Nc3 Nc6 6. Nxc6 bxc6 7. e5 Nd5 8. Ne4 Qc7 9. f4 Qb6 10. c4 Bb4+ 11. Ke2 f5 12. exf6 Nxf6 13. Be3 Qc7 14. Nxf6+ gxf6 15. Kf2 0-0 16. Qh5 d5 17. cxd5 cxd5 18. Rc1 Qe7 19. Bd3 Bb7 20. Bxh7+ Qxh7 21. Qxh7+ Kxh7 22. Rc7+ Kg6 23. Rxb7 a5 24. a3 Bd6 25. Rb6 Rfd8 26. Rc1 d4 27. Bxd4 Bxf4 28. Rc4 e5 29. Bc3 Rd3 30. Rb5 Bxh2 31. Bxa5 Kf5 32. Bc3 Rg8 33. g4+ Rxg4 34. Rxg4 Kxg4 35. a4 Rd6 36. a5 e4 37. Rb7 f5 38. Rg7+ Kf4 39. Rg2 e3+ 40. Ke2 Rh6 41. a6 Bg3 42. a7 Ra6 43. Bd4 Ke4 44. Rxg3 Kxd4 45. Rg7 f4 46. Rb7 Ke4 47. Re7+ Kd4 48. b3 Kc3 49. Rb7 Ra2+ 50. Kf3 e2 51. Kf2 Kd2 52. Rd7+ Kc3 53. Rb7 f3 54. Re7 Kxb3 55. Kxf3 e1Q 56. Rxe1 Rxa7 1/2-1/2

[Event "Llinars del Valles op"]
[Site "Llinars del Valles"]
[Date "2022.07.01"]
[Round "7"]
[White "Parra Ordorica, Gorka"]
[Black "Gonzalez Cobos, Arnau"]
[Result "1-0"]
[WhiteElo "1770"]
[BlackElo "1941"]
[PlyCount "79"]
[EventDate "2022.06.25"]
[EventType "swiss"]
[EventRounds "9"]
[EventCountry "ESP"]
[SourceTitle "CBM 209 Extra"]
[Source "ChessBase"]
[SourceDate "2022.09.30"]
[SourceVersion "1"]
[SourceVersionDate "2022.09.30"]
[SourceQuality "1"]

1. e4 c5 2. Nc3 a6 3. g3 b5 4. Bg2 Bb7 5. Nge2 e6 6. d4 cxd4 7. Nxd4 Nf6 8. a3 Be7 9. 0-0 Qc7 10. e5 Bxg2 11. exf6 Bxf1 12. fxe7 Bc4 13. Bf4 Qb7 14. b3 Bd5 15. Nf5 Qc6 16. Nxd5 Qxd5 17. Qxd5 exd5 18. Re1 d6 19. Nxg7+ Kd7 20. e8Q+ Rxe8 21. Rxe8 Kc7 22. Nf5 Kb7 23. Bxd6 Nc6 24. Rxa8 Kxa8 25. Bc5 Kb8 26. Ne7 Nd8 27. Nxd5 Ne6 28. Be3 Kb7 29. Nf6 Nf8 30. Kf1 Kc8 31. b4 Ng6 32. f4 h6 33. Bc5 a5 34. Kf2 axb4 35. axb4 h5 36. Kf3 h4 37. Kg4 hxg3 38. hxg3 Nh8 39. Kg5 Ng6 40. Kh6 1-0

[Event "Sant Andreu U14"]
[Site "Barcelona"]
[Date "2019.11.09"]
[Round "7"]
[White "Roca Planas, Edgar"]
[Black "Gonzalez Cobos, Arnau"]
[Result "1-0"]
[WhiteElo "1881"]
[BlackElo "1770"]
[PlyCount "79"]
[EventDate "2019.09.14"]
[EventType "tourn"]
[EventRounds "9"]
[EventCountry "ESP"]
[SourceTitle "CBM 195 Extra"]
[Source "ChessBase"]
[SourceDate "2020.05.31"]
[SourceVersion "1"]
[SourceVersionDate "2020.05.31"]
[SourceQuality "1"]

1. e4 c5 2. Nf3 e6 3. d4 cxd4 4. Nxd4 a6 5. Bd3 Nc6 6. Nxc6 dxc6 7. 0-0 e5 8. a4 Be6 9. f4 Nf6 10. f5 Qd4+ 11. Kh1 Bc4 12. Qe2 Bxd3 13. cxd3 0-0-0 14. Rd1 Bc5 15. Nc3 h5 16. Bg5 Ng4 17. Bh4 Nf2+ 18. Bxf2 Qxf2 19. Qxf2 Bxf2 20. Rf1 Ba7 21. Rf3 Rd7 22. Ne2 Bd4 23. Rg3 f6 24. Nxd4 Rxd4 25. Ra3 Rhd8 26. Kg1 R8d7 27. Kf2 c5 28. Rc3 c4 29. Rxc4+ Rxc4 30. dxc4 Rd4 31. Ke3 Rxc4 32. Rxg7 Rxa4 33. Rf7 Rb4 34. Rxf6 Rxb2 35. Re6 Kd7 36. Rxe5 Rxg2 37. f6 Rg8 38. Re7+ Kc6 39. f7 Rf8 40. e5 1-0

[Event "Sant Andreu U14"]
[Site "Barcelona"]
[Date "2019.10.05"]
[Round "3"]
[White "Gonzalez Cobos, Arnau"]
[Black "Travesset Sagre, Jan"]
[Result "0-1"]
[WhiteElo "1770"]
[BlackElo "1918"]
[PlyCount "146"]
[EventDate "2019.09.14"]
[EventType "tourn"]
[EventRounds "9"]
[EventCountry "ESP"]
[SourceTitle "CBM 195 Extra"]
[Source "ChessBase"]
[SourceDate "2020.05.31"]
[SourceVersion "1"]
[SourceVersionDate "2020.05.31"]
[SourceQuality "1"]

1. e4 d5 2. exd5 Qxd5 3. Nc3 Qd6 4. d4 Nf6 5. Nf3 g6 6. g3 Bg7 7. Bf4 Qd8 8. Bg2 0-0 9. Qd2 Na6 10. Bh6 c5 11. Bxg7 Kxg7 12. 0-0-0 Qc7 13. dxc5 Nxc5 14. Qd4 Be6 15. Ng5 Rad8 16. Nxe6+ Nxe6 17. Qb4 Nc5 18. Nd5 Nxd5 19. Bxd5 b6 20. Qc3+ Kg8 21. h4 h5 22. b4 Na6 23. Qxc7 Nxc7 24. Bc4 e6 25. c3 Kg7 26. Kc2 Kf6 27. a4 Ke7 28. Rhe1 Rxd1 29. Kxd1 Rc8 30. Kc2 Rd8 31. Bb3 Rb8 32. Rd1 Rc8 33. Kb2 Ne8 34. Bc2 Nf6 35. Kb3 a5 36. Rd3 Nd5 37. f3 axb4 38. c4 Nf6 39. Kxb4 Rc5 40. Rb3 Kd6 41. Kc3 Nd7 42. f4 Kc7 43. Kd4 Nb8 44. Be4 Nd7 45. Rb4 Ra5 46. Bc2 Rc5 47. Bb1 Ra5 48. Bc2 e5+ 49. fxe5 Rxe5 50. Be4 Ra5 51. Bd5 f6 52. Be4 Ne5 53. Bd5 Nd7 54. Be4 g5 55. hxg5 Rxg5 56. Rb5 Nc5 57. a5 Ne6+ 58. Kc3 bxa5 59. Rxg5 fxg5 60. Bg6 h4 61. gxh4 gxh4 62. Bf5 Kd6 63. c5+ Nxc5 64. Kc4 Ke5 65. Bh3 Ne4 66. Kb5 Kf4 67. Bg2 Ng5 68. Kxa5 Kg3 69. Bh1 Nf3 70. Kb5 Ne1 71. Be4 h3 72. Bf5 h2 73. Be4 Nf3 0-1

[Event "Roncana op-A 12th"]
[Site "Santa Eulalia de Roncana"]
[Date "2018.10.06"]
[Round "2"]
[White "Gonzalez Cobos, Arnau"]
[Black "Argemi Camp, Jaume"]
[Result "1-0"]
[WhiteElo "1711"]
[BlackElo "1609"]
[PlyCount "57"]
[EventDate "2018.09.29"]
[EventType "swiss"]
[EventRounds "8"]
[EventCountry "ESP"]
[SourceTitle "CBM 187 Extra"]
[Source "ChessBase"]
[SourceDate "2018.11.04"]
[SourceVersion "1"]
[SourceVersionDate "2018.11.04"]
[SourceQuality "1"]

1. e4 e6 2. d4 d6 3. Nf3 g6 4. Nc3 Bg7 5. Bc4 a5 6. 0-0 c6 7. a4 Qc7 8. Bf4 e5 9. dxe5 dxe5 10. Be3 Nd7 11. Qd2 Ngf6 12. h3 0-0 13. Rfd1 Nh5 14. Qd3 Nb6 15. Bb3 Nd7 16. Ng5 Nhf6 17. Qe2 b6 18. Nxf7 Rxf7 19. Bxf7+ Kxf7 20. Qc4+ Ke7 21. Nb5 Qb8 22. Nd6 Nd5 23. Nxc8+ Qxc8 24. exd5 c5 25. d6+ Kf6 26. h4 h6 27. Rd3 Qg8 28. Bg5+ hxg5 29. Rf3# 1-0

[Event "Llinars del Valles op-A 12th"]
[Site "Llinars del Valles"]
[Date "2018.06.09"]
[Round "8"]
[White "Gonzalez Cobos, Arnau"]
[Black "Salvans Serra, Arnau"]
[Result "1/2-1/2"]
[WhiteElo "1772"]
[BlackElo "1686"]
[PlyCount "75"]
[EventDate "2018.04.14"]
[EventType "swiss"]
[EventRounds "8"]
[EventCountry "ESP"]
[SourceTitle "EXT 2019"]
[Source "ChessBase"]
[SourceDate "2018.10.10"]
[SourceVersion "1"]
[SourceVersionDate "2018.10.10"]
[SourceQuality "1"]

1. d4 Nf6 2. Nf3 d5 3. g3 Bf5 4. Bg2 h6 5. 0-0 e6 6. c4 c6 7. Qb3 Qb6 8. Qxb6 axb6 9. cxd5 exd5 10. Nc3 Be7 11. Bf4 0-0 12. Rfd1 Re8 13. Nd2 Bb4 14. Re1 b5 15. a3 Bxc3 16. bxc3 Nbd7 17. h3 Nb6 18. Be5 Ne4 19. Bxe4 dxe4 20. g4 Bg6 21. Rec1 Ra4 22. e3 Rea8 23. Bd6 Nc4 24. Nxc4 Rxc4 25. Rab1 f5 26. Rb4 Rxb4 27. axb4 fxg4 28. hxg4 Bf7 29. Kg2 Ra2 30. Kg3 Bd5 31. Bc5 Kf7 32. Bb6 g6 33. Bc7 h5 34. gxh5 gxh5 35. Bd8 Ke8 36. Bh4 Kd7 37. Kf4 Kd6 38. Bg3 1/2-1/2

[Event "Llinars del Valles op-A 12th"]
[Site "Llinars del Valles"]
[Date "2018.04.28"]
[Round "3"]
[White "Gonzalez Cobos, Arnau"]
[Black "Roca Planas, Edgar"]
[Result "1-0"]
[WhiteElo "1772"]
[BlackElo "1859"]
[PlyCount "49"]
[EventDate "2018.04.14"]
[EventType "swiss"]
[EventRounds "8"]
[EventCountry "ESP"]
[SourceTitle "CBM 184 Extra"]
[Source "ChessBase"]
[SourceDate "2018.06.28"]
[SourceVersion "1"]
[SourceVersionDate "2018.06.28"]
[SourceQuality "1"]

1. d4 d5 2. Nf3 Nf6 3. g3 e6 4. Bg2 Be7 5. 0-0 Nbd7 6. c4 dxc4 7. Nbd2 0-0 8. Nxc4 c6 9. Qc2 Nb6 10. Rd1 Nfd5 11. a3 Nxc4 12. Qxc4 Qc7 13. e4 b5 14. Qc2 Nb6 15. d5 exd5 16. exd5 c5 17. d6 Bxd6 18. Ng5 g6 19. Bxa8 Nxa8 20. Ne4 Be7 21. Bh6 Re8 22. Qc3 f6 23. Nxf6+ Bxf6 24. Qxf6 Nb6 25. Re1 1-0

[Event "Llinars del Valles op-A 12th"]
[Site "Llinars del Valles"]
[Date "2018.04.14"]
[Round "1"]
[White "Gonzalez Cobos, Arnau"]
[Black "Ruiz Manchon, Francesco Xavier"]
[Result "0-1"]
[WhiteElo "1772"]
[BlackElo "2140"]
[PlyCount "62"]
[EventDate "2018.04.14"]
[EventType "swiss"]
[EventRounds "8"]
[EventCountry "ESP"]
[SourceTitle "CBM 184 Extra"]
[Source "ChessBase"]
[SourceDate "2018.06.28"]
[SourceVersion "1"]
[SourceVersionDate "2018.06.28"]
[SourceQuality "1"]

1. d4 Nf6 2. c4 c5 3. d5 b5 4. Qc2 bxc4 5. e4 e6 6. Bxc4 exd5 7. exd5 d6 8. Nf3 Be7 9. 0-0 0-0 10. Na3 Nbd7 11. b3 Nb6 12. Rd1 Bg4 13. Bf4 Bxf3 14. gxf3 Nxc4 15. Nxc4 Re8 16. Qd2 Qd7 17. Bg3 Rad8 18. Na5 Rc8 19. Nc6 Bf8 20. Na5 Qf5 21. Qd3 Qd7 22. Re1 Nh5 23. Nc4 g6 24. Re4 f5 25. Rxe8 Rxe8 26. Qd2 h6 27. Re1 Rxe1+ 28. Qxe1 f4 29. Qe4 Qf7 30. Kg2 fxg3 31. fxg3 Nf6 0-1

[Event "Roncana op-B 10th"]
[Site "Santa Eulalia de Roncana"]
[Date "2016.10.08"]
[Round "3"]
[White "Gonzalez Cobos, Arnau"]
[Black "De Lomas Busquets, Alba"]
[Result "0-1"]
[WhiteElo "1232"]
[BlackElo "1724"]
[PlyCount "128"]
[EventDate "2016.09.24"]
[EventType "swiss"]
[EventRounds "8"]
[EventCountry "ESP"]
[SourceTitle "EXT 2018"]
[Source "ChessBase"]
[SourceDate "2017.10.13"]
[SourceVersion "1"]
[SourceVersionDate "2017.10.13"]
[SourceQuality "1"]

1. d4 d5 2. Nf3 e6 3. Bf4 Nf6 4. e3 Be7 5. Bd3 0-0 6. c3 Nbd7 7. Nbd2 b6 8. Qc2 h6 9. h3 c5 10. g4 c4 11. Be2 Bb7 12. Rg1 Nh7 13. b3 b5 14. Nf1 a5 15. Rh1 Ng5 16. Nxg5 Bxg5 17. Bg3 Bh4 18. Rg1 Bf6 19. Nh2 e5 20. dxe5 Nxe5 21. Bxe5 Bxe5 22. Nf3 Bf6 23. Rh1 b4 24. Nd4 Bxd4 25. cxd4 c3 26. h4 Qe7 27. Bd3 Rfc8 28. Rc1 Ba6 29. Bxa6 Rxa6 30. Qd3 Rg6 31. Qe2 Qe4 32. Rg1 f5 33. f3 Qe7 34. g5 Re8 35. Kf2 hxg5 36. hxg5 Rxg5 37. Rce1 Rxg1 38. Rxg1 c2 39. Qxc2 Qxe3+ 40. Kg2 Qe2+ 41. Qxe2 Rxe2+ 42. Kh3 Rxa2 43. Rg5 a4 44. bxa4 b3 45. Rg1 Rxa4 46. Rb1 Rb4 47. Kg3 Kf7 48. Kf4 Kf6 49. Ke3 g5 50. Rb2 f4+ 51. Kd3 Kf5 52. Kc3 Rb5 53. Kd3 g4 54. fxg4+ Kxg4 55. Ke2 Kg3 56. Kf1 f3 57. Kg1 Kf4 58. Kf2 Ke4 59. Rb1 b2 60. Kg3 Kd3 61. Kxf3 Kc2 62. Rxb2+ Rxb2 63. Kf4 Kc3 64. Ke5 Rb4 0-1

[Event "Roncana op-C 9th"]
[Site "Santa Eulalia de Roncana"]
[Date "2015.10.03"]
[Round "1"]
[White "Marquez Alavarez, Joel"]
[Black "Gonzalez Cobos, Arnau"]
[Result "0-1"]
[WhiteElo "1400"]
[BlackElo "1703"]
[PlyCount "64"]
[EventDate "2015.10.03"]
[EventType "swiss"]
[EventRounds "8"]
[EventCountry "ESP"]
[SourceTitle "EXT 2017"]
[Source "ChessBase"]
[SourceDate "2016.10.25"]
[SourceVersion "1"]
[SourceVersionDate "2016.10.25"]
[SourceQuality "1"]

1. e4 e5 2. Nf3 Nc6 3. Nc3 d6 4. a3 Bg4 5. h3 Bh5 6. Bc4 Nd4 7. Nxd4 Bxd1 8. Nxd1 exd4 9. Bb5+ c6 10. Bc4 d5 11. exd5 cxd5 12. Bb5+ Ke7 13. c3 dxc3 14. Nxc3 d4 15. Nb1 Qd5 16. Be2 Qe5 17. 0-0 Qxe2 18. b4 Qe5 19. a4 Kf6 20. d3 Bd6 21. f3 Qh2+ 22. Kf2 Bg3+ 23. Ke2 Qxg2+ 24. Kd1 Qxf1+ 25. Kd2 Bf4+ 26. Kc2 Rc8+ 27. Kb3 Qxd3+ 28. Nc3 Qxc3+ 29. Ka2 Qc2+ 30. Bb2 Rc4 31. Rc1 Bxc1 32. a5 Qxb2# 0-1